ŁA las armas!

Detalles Bibliográficos
Autor principal: Serrano, Jos ̌Antonio
Otros Autores: Chust, Manuel
Formato: eBook
Lenguaje:español
Publicado: Ciudad de Mx̌ico: Marcial Pons, 2018
Materias:
Acceso en línea:Acceso restringido

MARC

LEADER 00000nam a22000007a 4500
005 20200421153815.0
007 cr|||| ||||
008 200421s2018 mx |||||s|||| 00||0 spa d
020 |a 978-84-9123-788-4 
035 |a 31341 
040 |a vLex 
090 |c 10310  |d 10310 
100 1 |a Serrano, Jos ̌Antonio 
245 1 0 |a ŁA las armas!  |h [Recurso electrn̤ico] /  |c Jos ̌Antonio Serrano, Manuel Chust 
256 |a Servicio en ln̕ea 
260 |a Ciudad de Mx̌ico:  |b Marcial Pons,  |c 2018 
300 |a 1 recurso electrn̤ico 
506 1 |a Disponible solo en los productos indicados  |d vLex Global  |d vLex Global (Academic Edition, excluding Law Schools)  |d vLex Global (U.S. Academic Edition, Law Schools)  |d vLex Global (U.S. Academic Edition, excluding Law Schools)  |d vLex Global (Academic Edition, Law Schools) 
650 0 4 |a Derecho Militar  |z Mx̌ico 
700 1 |a Chust, Manuel 
740 0 |a vLex Libros (Servicio en ln̕ea) 
856 4 0 |u http://vlex.com/source/armas-31341  |z Acceso restringido 
942 |c BOOK 
999 0 |a Military Law